Statistics for Hábitos Alimenticios en España

Click here to take the quiz!

General Stats

  • This quiz has been taken 44 times
  • The average score is 4 of 13

Answer Stats

HintAnswer% Correct
A reason due to which a small town Ador closes every day between 2 and 5pmsiesta
76%
Stereotypical traditionsiesta
76%
Smallest meal of the daydesayuno
74%
Snack helping kinds to not run out of energymerienda
50%
A way to express that the meal is yummydipping bread into sauces
26%
Obligatory event after la comidasobremesa
16%
Eating before everyone is sat at the table is a sign ofrudeness
13%
Made up verb used to invite to a social eatingtapiar
8%
Longest meal of the dayla comida
5%
It would be rude to eat this by yourselfverguenza
5%
Blessingbuen provecho
3%
Must have on a tableel pan
3%
What is necessary in order to stay for a mealinvitation
3%

Score Distribution

Percentile by Number Answered

Percent of People with Each Score

Your Score History

You have not taken this quiz